01001nam a2200241Ia 450000100090000000300060000900500170001500800410003204000130007308200170008610000280010324500370013126000710016830000250023950000830026450001460034750000550049350400410054865000250058965000170061470000690063174000590070016119372OCoLC20181206160952.0870701q19701972miu b 000 0 eng d aPGMcPGM a262.73bO97C1 aOwen, John,d1616-1683.10aCommunion with God /cJohn Owen. aGrand Rapids, Mich. :bAssociated Publishers and Authors,c[197-?] aii, 364 p. ;c23 cm. aTitle on contents page: Of communion with God the Father, Son, and Holy Ghost. aIncludes A vindication of some passages in a discourse concerning communion with God, from The exceptions of William Sherlock (p. [277]-364). aContents described on p. ii do not appear in book. aIncludes bibliographical references. 0aCommunion of saints. 0aHoly Spirit.1 aSherlock, William,d1641?-1707.tExceptions of William Sherlock.01aOf communion with God the Father, Son, and Holy Ghost.